Живей бързо (Запис номер 516378)
[ съкратено ]
| 000 -Лидер | |
|---|---|
| Лидер | 01155nam a2200301 a 4500 |
| 003 - Код на организацията, давaща контролен номер | |
| Код на организацията, даваща контролен номер | BLK |
| 005 - Дата и час на последна редакция | |
| Дата и час на последна редакция | 20250718104937.0 |
| 007 - Фиксирано поле за физическо описани | |
| Физическо описание | ta |
| 008 - Елементи от данни с фиксирана дължина | |
| Елементи с фиксирана дължина | 230809b bu |||||r|||| 00| | bu d |
| 020 ## - Международен стандартен номер на книга ISBN | |
| ISBN | 9786190214038 |
| 040 ## - Източник на каталожния запис | |
| Код на библиотеката | BLK |
| 041 ## - Код за език | |
| Език | Български |
| Език за КДБФ | Български |
| 080 ## - УДК | |
| 9 (RLIN) | 240643 |
| УДК текст | Френска литература |
| УДК код | 821.133.1 |
| УДК – определител | -312.4 |
| УДК – код + определител | 821.133.1-312.4 |
| 084 ## - Класификационен индекс по друга класификация | |
| Авторски знак | Жир - Ж 59 |
| 100 ## - Редна дума - Автор | |
| R(LIN) | 494257 |
| Автор | Жиро, Брижит |
| 245 ## - Сведения за заглавието | |
| Заглавие | Живей бързо |
| Авторска отговорност | Брижит Жиро ; прев. от фр. Росица Ташева |
| 260 ## - Област на издателските данни | |
| 9 (RLIN) | 209486 |
| Място на издаване | София |
| Име на издателя | Колибри |
| Година на издаване | 2024 |
| 300 ## - Физическа характеристика | |
| Брой страници | 206 с. |
| Размер | 20 см |
| 380 ## - Жанр | |
| Жанр | Худож. лит. |
| 500 ## - Общи забележки | |
| Обща забележка | Ориг. загл.: Vivre vite / Brigitte Giraud<br/>Биогр. данни за авт. отбелязани на кор. |
| 700 ## - Други автори (авторска отговорност) | |
| Друг автор | Ташева, Росица Борисова |
| Дати, свързани с автора | 1946 - |
| Друга информация | Преводач от френски и английски език. |
| 9 (RLIN) | 366084 |
| 852 ## - Местоположение | |
| Сигнатура (форматна) | Цб 323949 |
| Отдел | Хранилище |
| 852 ## - Местоположение | |
| Отдел | Заемна - подръчен фонд |
| Систематично-азбучна сигнатура | 821-31/Ж 59 Б |
| 856 ## - Електронен адрес и достъп | |
| Инструкция (цена за достъп) | 0.00 |
| Права за достъп | disable |
| 942 ## - АРТИКУЛИ | |
| Вид на библиотечния документ | Книги |
| Скрит в OPAC | Не |
| Koha issues (borrowed), all copies | 7 |
| 944 ## - СЪЗДАВАНЕ И РЕДАКЦИЯ на ЗАПИСА | |
| Дата на регистрацията/редакция | Нора Радева |
| Служител, извършил регистрацията/редакцията | 30530 |
| Номер на служител | Минев Младен |
| 944 ## - СЪЗДАВАНЕ И РЕДАКЦИЯ на ЗАПИСА | |
| Дата на регистрацията/редакция | 2025-01-15 |
| Служител, извършил регистрацията/редакцията | М.Я. |
| Създаване/Редакция | Редакция |
| 999 ## - СИСТЕМНИ КОНТРОЛНИ НОМЕРА | |
| Koha biblionumber | 516378 |
| Koha biblioitemnumber | 516378 |
| Код за отписване | Код за изгубен артикул | Източник на класификационната схема | Код за повреда | Коз за рестрикции | Код за отдаване | Артикулен № | Име на библиотеката - собственик | Име на библиотеката, в която се намира в момента | Статус (Текущо местоположение) | Дата на вписване в системата | Местоположение - отдел | Цена в лева | Инвентарен номер | Систематично азбучна сигнатура | Баркод | Цена в евро | Служебен тип на артикула |
|---|---|---|---|---|---|---|---|---|---|---|---|---|---|---|---|---|---|
| Не е изгубен | Universal Decimal Classification | Не е повреден | само за читалня | ползва се в читалня | 948179 | Регионална библиотека "Любен Каравелов" Русе | Регионална библиотека "Любен Каравелов" Русе | Хранилище | 2024-09-10 | Хранилище | 18.00 | 120000911538 | Цб 323949 | 120000911538 | 9.20 | Книги | |
| Не е изгубен | Universal Decimal Classification | Не е повреден | заемане за дома | 958474 | Регионална библиотека "Любен Каравелов" Русе | Регионална библиотека "Любен Каравелов" Русе | Заемна - подръчен фонд | 2025-01-16 | Заемна - подръчен фонд | 11.70 | 120000917026 | 821-31/Ж 59 Б | 120000917026 | 5.98 | Книги | ||
| Не е изгубен | Universal Decimal Classification | Не е повреден | заемане за дома | 981591 | Регионална библиотека "Любен Каравелов" Русе | Регионална библиотека "Любен Каравелов" Русе | Заемна - подръчен фонд | 2025-07-17 | Заемна - подръчен фонд | 9.75 | 120000920923 | 821-31/Ж 59 Б | 120000920923 | 4.99 | Книги |